El niño y el bicornio : (Registro nro. 12853)

Detalles MARC
000 -LIDER
fixed length control field 00873nam a2200253 a 4500
001 - NÚMERO DE CONTROL
Identificador de número de control 000001991
003 - IDENTIFICACDOR DE NÚMERO DE CONTROL
control field DO-SdBPM
005 - DATE AND TIME OF LATEST TRANSACTION
control field 20250606120718.0
008 - ELEMENTOS DE LONGITUD FIJA
fixed length control field 090630s2007 dr 000 f spa d
020 ## - ISBN
International Standard Book Number 9789945160819
040 ## - FUENTE DE CATALOGACIÓN
Agencia que crea de manera original el registro DO-SdBPM
Idioma de catalogación spa
Agencia que realiza la transcripción BPMSU
082 #4 - NÚMERO DE CLASIFICACIÓN DECIMAL DE DEWEY
Classification number RD863.44
Item number U15n 2007
Edition number 22
100 1# - ASIENTO PRINCIPAL -- NOMBRE PERSONAL
Nombre personal Ubiñas Renville, Guaroa,
Fechas asociadas con el nombre 1944-
245 13 - MENCIÓN DE TITULO
Título El niño y el bicornio :
Subtítulo la infancia del dictador Trujillo /
Mención de responsabilidad Guaroa Ubiñas Renville.
260 ## - PUBLICACIÓN, DISTRIBUCIÓN, ETC. (PIE DE IMPRENTA)
Lugar de publicación, distribución, etc Santo Domingo :
Nombre del editor, distribuidor, etc. Editora Búho,
Fecha de publicación, distribución, etc 2007.
300 ## - DESCRIPCIÓN FÍSICA
Extensión 200 p. ;
Dimensiones 23 cm.
500 ## - NOTA GENERAL
Nota general Incluye datos biográficos del autor en la solapa de la cubierta
590 ## - NOTA LOCAL
Texto de la nota local Inventariado, 2025 /VM
600 10 - ENCABEZAMIENTO DE MATERIA--NOMBRE PERSONAL
Nombre personal Trujillo Molina, Rafael Leónidas,
Fechas asociadas con el nombre 1891-1961
Subdivisión de forma Ficción
650 #4 - ENCABEZAMIENTO DE MATERIA--TEMÁTICO
Término temático o nombre geográfico como elemento de entrada Literatura dominicana.
650 #4 - ENCABEZAMIENTO DE MATERIA--TEMÁTICO
Término temático o nombre geográfico como elemento de entrada Novela histórica dominicana.
910 ## - VALIDACIÓN
Validación VMateo V. Control calidad. BPMSU
942 ## - ADDED ENTRY ELEMENTS (KOHA)
Source of classification or shelving scheme Dewey Decimal Classification
Koha item type Libros
Existencias
Withdrawn status Lost status Source of classification or shelving scheme Damaged status Not for loan Collection code Home library Current library Date acquired Total Checkouts Full call number Barcode Date last seen Price effective from Koha item type
    Dewey Decimal Classification     Colección Dominicana Biblioteca Pública Metropolitana Salomé Ureña Biblioteca Pública Metropolitana Salomé Ureña 11/10/2017   BPMSU CD RD863.44 U15n 2007 BPMSU17110159 11/10/2017 11/10/2017 Libros